Największe bitwy polskiego oręża - rywale - Statystyki

Ogólne statystyki
  • Ten quiz został rozwiązany 46 razy
  • Średni wynik to 12 z 15
Statystyki odpowiedzi
Zagadnienie Odpowiedź % Poprawnych
Bitwa pod Grunwaldem (1410) Zakon Krzyżacki
97%
Bitwa pod Kircholmem (1605) Królestwo Szwecji
95%
Bitwa Warszawska (1920) Rosyjska FSRR
92%
Bitwa nad Bzurą (1939) III Rzesza
89%
Bitwa pod Legnicą (1241) Imperium Mongolskie
89%
Bitwa pod Wiedniem (1683) Imperium Osmańskie
89%
Bitwa pod Cedynią (972) Święte Cesarstwo Rzymskie
86%
Bitwa pod Chocimiem (1621) Imperium Osmańskie
84%
Bitwa pod Kłuszynem (1610) Carstwo Rosyjskie
76%
Bitwa pod Warszawą (1656) Królestwo Szwecji
76%
Bitwa pod Orszą (1514) Wielkie Księstwo Moskiewskie
76%
Bitwa o Monte Cassino (1944) III Rzesza
70%
Bitwa pod Racławicami (1794) Imperium Rosyjskie
70%
Bitwa pod Płowcami (1331) Zakon Krzyżacki
70%
Bitwa pod Beresteczkiem (1651) Hetmanat
68%
Nie znaleziono quizów pasujących do podanych kryteriów
Rozkład punktacji
Procent ludzi z każdym wynikiem
Percentyl według liczby udzielonych odpowiedzi
Twoja historia wyników
Nie rozwiązałeś tego quizu